000 00339nam a2200145 i 4500
001 bg
100 1 _aBRATCEV, V. F.
245 0 _aTablicy atomnych volnovych funkcij /
_cV.F. Bratcev.
260 _aLeningrad,
_c1971.
040 _cBPK
041 _apol
080 _a539.182
942 _cKS
008 s pl f |000 0 pol
999 _c14329
_d14329
856 _uhttp://koha.tu.koszalin.pl/cgi-bin/koha/opac-detail.pl?biblionumber=14329
_yKatalog online BPK